| 000 | 00745cam a2200265 4500500 | ||
|---|---|---|---|
| 005 | 20260405003502.0 | ||
| 041 | _afre | ||
| 042 | _adc | ||
| 100 | 1 | 0 |
_aSorente, Isabelle _eauthor |
| 245 | 0 | 0 | _aDes becs qui s’allongent |
| 260 | _c2022. | ||
| 500 | _a42 | ||
| 690 | _aAdaptation | ||
| 690 | _aAnimal | ||
| 690 | _aBulle | ||
| 690 | _aClimat | ||
| 690 | _aIsabelle Sorente | ||
| 690 | _aPeter Sloterdijk | ||
| 690 | _aRéchauffement climatique | ||
| 690 | _aSorcière | ||
| 690 | _aStratégies | ||
| 690 | _aTransformation | ||
| 786 | 0 | _nPhilosophie magazine | 158 | 4 | 2022-04-01 | p. 20-20 | 1951-1787 | |
| 856 | 4 | 1 | _uhttps://shs.cairn.info/magazine-philosophie-magazine-2022-4-page-20?lang=fr&redirect-ssocas=7080 |
| 999 |
_c2068013 _d2068013 |
||